Personnage des aventures de Tintin : Piotr Szut - Statistiques

Statistiques générales
  • Ce quiz a été pris 68 fois
  • Le résultat moyen est 11 sur 16
Statistiques - réponses
Questions Réponses % Correct
Albums des aventures de Tintin dans lesquels apparaît Piotr Szut. Coke en stock
100%
Profession de Piotr Szut. Pilote d'avion
100%
Bandit pour le compte duquel Piotr Szut travaillait avant de se retourner contre lui et de se lier d'amitié avec Tintin et Haddock. Roberto Rastapopoulos
96%
Albums des aventures de Tintin dans lesquels apparaît Piotr Szut. Vol 714 pour Sydney
96%
Nationalité (pays actuellement indépendant mais qui ne l'était pas à l'époque) de Piotr Szut. Estonienne
90%
Milliardaire qui employa Piotr Szut au moment de ses retrouvailles avec Tintin et Haddock. Laszlo Carreidas
90%
Mégapole d'Asie du sud-est à l'aéroport de laquelle Szut retrouva Tintin et Haddock. Djakarta
88%
Bandit à qui appartient le cargo Ramona. Allan Thompson
86%
Appareil saboté que Szut tente de réparer sur le cargo Ramona où il a été abandonné avec Tintin et Haddock. La radio
84%
Dispositif médical d'ophtalmologie que porte Piotr Szut. Un cache oculaire
68%
Ville de Californie qui donna son nom à croiseur lourd de classe Baltimore entré en service dans l'US Navy à la fin de la Seconde Guerre mondiale. Ce croiseur reçoit un appel de détresse de Tintin grâce à l'appareil précédent. Los Angeles
66%
Pays qui avait construit le bunker dans lequel Szut était retenu prisonnier avec Tintin, Haddock et d'autres compagnons sur l'île fictive de Pulau-Pulau Bomba. Le Japon
64%
Surnom que le Capitaine Haddock donne à Szut : ________ à bavette. MItrailleur
52%
Île dont la partie orientale est aujourd'hui indépendante (et ce depuis 1999), île que Szut devait également survoler si l'avion n'avait pas été détourné. Le Timor
36%
Île volcanique d'Indonésie faisant partie des Îles de la Sonde, voisine de celle de Bali à l'est, à un peu plus de 200 km des côtes de l'Île de Java, Bali se trouvant coincée entre Java et cette île. Szut venait juste de survoler cette île quand M. Spalding l'appelle pour connaître leur position. Lombok
12%
Île d'Indonésie dans la province des petites îles de la Sonde occidentales, située à 13,8 km à l'est de la précédente. Le dernier message de Szut, selon le journaliste qui l'interrogeait, disait qu'il était à hauteur de cette île avant son trou de mémoire. Sumbawa
4%
Aucun quiz correspondant
Distribution des résultats
% des personnes avec chaque résultat
Percentile par nombre de réponses
Votre historique - résultats
Vous n’avez pas pris ce quiz